| 000 | 00454nam a2200181Ia 4500 | ||
|---|---|---|---|
| 005 | 20260525125929.0 | ||
| 008 | 131103s9999 xx 000 0 und d | ||
| 040 | _aLoreto College | ||
| 041 | _aEnglish | ||
| 082 |
_a807 _bHAR |
||
| 100 | _aHarrison, Frederic | ||
| 245 | 4 |
_aThe Choice of books _cFrederic Harrison |
|
| 260 |
_aLondon _bMacmillan and Co. _c1917 |
||
| 300 | _a447p. | ||
| 650 | _aEnglish Literature | ||
| 850 | _aLCLIB | ||
| 942 | _cBK | ||
| 999 |
_c20737 _d71216 |
||